Music Quiz

Random Music or Bands Quiz

Bands by Antonym Quiz Stats

 Plays Quiz Updated Jun 13, 2014

Support Sporcle.
Go Orange.
Score 0/26 Timer 07:00
14 Plays Today
Opposite Band Name Real Band Name % Correct
KingQueen
95.1%
The Stay-StaysThe Go-Gos
92.4%
ForkSpoon
90.3%
The Black DotsThe White Stripes
89.5%
The WindowsThe Doors
86.9%
Girls from WomenBoyz II Men
84.8%
No No NosYeah Yeah Yeahs
71.9%
AntidotePoison
71.5%
Red NightGreen Day
70.2%
Spring In GirlFall Out Boy
68.2%
Clothed GentlemenBarenaked Ladies
68.2%
Relax. at the LibraryPanic! at the Disco
67.6%
The CriminalsThe Police
66.2%
Opposite Band Name Real Band Name % Correct
Life Bus for UglyDeath Cab for Cutie
65.8%
Straight BrotherTwisted Sister
64.5%
NativeForeigner
56.4%
Your Organic TragedyMy Chemical Romance
54.4%
The FloorweedsThe Wallflowers
46.1%
Silent TailsTalking Heads
44.4%
Women With ShoesMen Without Hats
43.9%
RecordedLive
41.2%
Goldmoon DropsSilversun Pickups
25.5%
Well Painted GirlBadly Drawn Boy
25.3%
DawdleRush
22.8%
CasualtySurvivor
15.7%
SamsaraNirvana
12.8%

From the Vault

Green-Themed Trivia

by tim_parr

It's not easy being green.
Remove Ads.
Support Sporcle.
Get the best of Sporcle when you Go Orange. This ad-free experience offers more features, more stats, and more fun while also helping to support Sporcle. Thank you for becoming a member.

Show Comments

Extras

Top Quizzes Today


Score Distribution

Your Account Isn't Verified!

In order to create a playlist on Sporcle, you need to verify the email address you used during registration. Go to your Sporcle Settings to finish the process.

Report this User

Report this user for behavior that violates our Community Guidelines.

Details: